Fernán González / (Record no. 184092)

MARC details
000 -LEADER
campo de control de longitud fija 00785nam a2200229 i 4500
001 - NÚMERO DE CONTROL
campo de control 184092
003 - IDENTIFICADOR DE NÚMERO DE CONTROL
campo de control ES-MaACL
005 - FECHA Y HORA DE LA ÚLTIMA TRANSACCIÓN
campo de control 20230906222043.0
008 - DATOS DE LONGITUD FIJA--INFORMACIÓN GENERAL
campo de control de longitud fija 150313s1943 sp |||| |bspa d
080 ## - NÚMERO DE LA CLASIFICACIÓN DECIMAL UNIVERSAL
Número de la Clasificación Decimal Universal 929 González, Fernán, Conde de Castilla
100 1# - ENTRADA PRINCIPAL--NOMBRE DE PERSONA
Nombre de persona Pérez de Urbel, Justo.
9 (RLIN) 90812
245 10 - MENCIÓN DEL TÍTULO
Título Fernán González /
Mención de responsabilidad, etc. Fray Justo Pérez de Urbel.
260 ## - PUBLICACIÓN, DISTRIBUCIÓN, ETC.
Lugar de publicación, distribución, etc. Madrid :
Nombre del editor, distribuidor, etc. Atlas,
Fecha de publicación, distribución, etc. 1943.
300 ## - DESCRIPCIÓN FÍSICA
Extensión 158 p. ;
Dimensiones 20 cm.
490 1# - MENCIÓN DE SERIE
Mención de serie Vidas ;
Designación de volumen o secuencia 3
597 ## - NOTA DE DESCRIPCIÓN FÍSICA
NOTA DE DESCRIPCIÓN FÍSICA Con sello de: Biblioteca D.P. Educación Nacional, Madrid.
598 ## - NOTA LOCAL
Nota local Colección de biografías... bajo la dir. de Joaquín Arrarás.
600 17 - PUNTO DE ACCESO ADICIONAL DE MATERIA--NOMBRE DE PERSONA
Nombre de persona González, Fernán
Títulos y otros términos asociados al nombre Conde de Castilla.
9 (RLIN) 156558
830 0# - PUNTO DE ACCESO ADICIONAL DE SERIE-TÍTULO UNIFORME
Título uniforme Vidas ;
Designación de volumen o secuencia 3
9 (RLIN) 192031
852 ## - LOCALIZACIÓN
Ubicación ES-MaACL
Número de control de estantería E-15489
Nota libre . - enc. hol.
Holdings
Estatus retirado Estado de pérdida Estado de daño No para préstamo Biblioteca de origen Biblioteca actual Ubicación en estantería Fecha de adquisición Fuente de adquisición Total de préstamos Signatura topográfica completa Código de barras Visto por última vez Precio de reemplazo Tipo de ítem Koha
        Biblioteca del Ateneo de Madrid Biblioteca del Ateneo de Madrid Depósito 2 13/03/2015     E-15489 1193604 23/02/2023 23/02/2023 Libro impreso